MARC

LEADER 00000nam0a2200000 4500
001 303207
005 20231102001600.0
020 |a RU  |b 83-34385 
035 |a (RuTPU)RU\TPU\book\328428 
090 |a 303207 
100 |a 20150901d1983 km a0rusy5003 ca 
101 0 |a rus 
102 |a RU 
105 |a y z 001zy 
200 1 |a Детерминация прогнозирования  |f М. Л. Лезгина 
210 |a Ленинград  |c Изд-во ЛГУ  |d 1983 
215 |a 111 с. 
320 |a Библиография в ссылках. 
606 1 |a Социальное прогнозирование  |2 stltpush  |3 (RuTPU)RU\TPU\subj\37879  |9 58650 
610 1 |a детерминация 
610 1 |a социальные процессы 
610 1 |a планирование 
610 1 |a управление 
610 1 |a методологические принципы 
610 1 |a программно-целевые методы 
686 |a С55.373.11  |2 rubbk 
700 1 |a Лезгина  |b М. Л.  |g Марина Львовна  |4 070 
801 0 |a RU  |b RuMRKP  |c 19950704  |g psbo 
801 1 |a RU  |b 63413507  |c 20150901 
801 2 |a RU  |b 63413507  |c 20190626  |g RCR 
942 |c BK